000 00967nam a2200253Ia 4500
003 OSt
005 20221005111730.0
006 a|||||r|||| 00| 0
007 ta
008 221004b |||||||| |||| 00| 0 hin d
024 _a107585
037 _cTextual
040 _aCRL
_cCRL
_bhin
041 _2hin
_ahin
082 _aO15,2D35:g, 152L2
100 _aशास्त्र, नेमिचन्द्र
245 0 _aसंस्कृत के आदि नाटककार महाकवि भास
246 _aSanskṛut ke ādi nāṭakakār mahākavi bhāsa
260 _aभोपाल
_bमध्यप्रदेश हिन्दी ग्रन्थ अकादमी भारत
_c1972
300 _a563पृ0
_ccm.
650 _aसंस्कृत साहित्य
942 _hO15,2D35:g, 152L2
_cTEXL
_2cc
999 _c1022727
_d1022727